Modelo integral de sistema de información para el control operacional de manufactura proyectado a la planificación estratégica H.B. Fuller Costa Rica S.A
Tallennettuna:
| Päätekijä: | |
|---|---|
| Muut tekijät: | |
| Aineistotyyppi: | Kirja |
| Julkaistu: |
[San José , Costa Rica]
1995
|
| Aiheet: | |
| Tagit: |
Lisää tagi
Ei tageja, Lisää ensimmäinen tagi!
|
MARC
| LEADER | 00000nam a2200000Ia 4500 | ||
|---|---|---|---|
| 003 | 007662 | ||
| 005 | 20221231144254.0 | ||
| 008 | 140114s1995 cr a m 000 ||s d | ||
| 040 | |c cru CEDI | ||
| 090 | |a TFG 3272 | ||
| 100 | |a Hernández Acuña, Luis Diego |9 10754 | ||
| 245 | |a Modelo integral de sistema de información para el control operacional de manufactura proyectado a la planificación estratégica H.B. Fuller Costa Rica S.A | ||
| 260 | |c 1995 |a [San José , Costa Rica] | ||
| 300 | |a 239 hojas : ilustraciones. | ||
| 500 | |a Proyecto de graduacion (licenciatura en ingenieria industrial)--Universidad de Costa Rica. Facultad de Ingeniería. Escuela de Ingenieria Industrial | ||
| 650 | |x H. B. FULLER (COSTA RICA) |x SISTEMAS DE INFORMACION EN ADMINISTRACION |x ADMINISTRACION |9 10756 | ||
| 700 | |9 10755 |a Robles Castillo, José Manuel | ||
| 942 | |c TFG | ||
| 999 | |c 19403 |d 19403 | ||
